| 000 | 00433nam a2200169Ia 4500 | ||
|---|---|---|---|
| 008 | 210210b1999 xxu||||| |||| 00| 0 eng d | ||
| 020 | _a81 203 128 0 | ||
| 082 | _a152 LEVI | ||
| 100 | _aLEVINTHAL (Charles F). | ||
| 245 | _aIntroduction to physiological psychology. Ed.3 | ||
| 250 | _a | ||
| 260 |
_a _bNot Mentioned _c1999 |
||
| 300 | _a522 | ||
| 650 | _aPhysiological psychology | ||
| 690 | _aPsychology | ||
| 906 | _a057513 | ||
| 999 |
_c104721 _d104721 |
||